000 00570nam a2200193Ia 4500
003 OSt
005 20200818134047.0
008 190216s9999||||xx |||||||||||||| ||und||
020 _a9788173196669
040 _coclc
082 _a540.02854
_bKUM/C
100 _aKumari, Ramesh
_94198
245 0 _aComputers And Their Applications To Chemistry /
_cRamesh Kumari
250 _a2nd Ed.
260 _bNarosa Publishing House,
_c2002.
_aNew Delhi:
300 _a340p
650 _aChemistry
942 _cBK
_2ddc
_h540.02854
_iKUM/C
_k540.02854
_mKUM/C
999 _c3252
_d3252